000 01179nam a22002894a 4500
001 BIBLIOTECA MUNICIPAL DE BARRANCO
007 ta
008 t pe gr 00| 0 spa d
017 _a2018-14099
020 _a978-612-47310-8-2
040 _aBIBLIOTECA MUNICIPAL DE BARRANCO
041 _aspa
043 _cpe
082 _2869.521
_bZ34L 2018.
100 _aZamora, Margarita.
245 _aLenguaje, autoridad e historia indígena en Los Comentarios Reales de los Incas /
_c Margarita Zamora ; [traducción, Juan Rodríguez Piñeiro].
250 _a1a ed.
260 _aLima :
_bCentro de Estudios Literarios Antonio Cornejo Polar : Latinoamericana Editores,
_c2018.
300 _a201 p. ;
_c24 cm.
504 _aBibliografía: p. 189-201.
600 0 _98037
_aGarcilaso de la VegaInca, 1539-1616. Comentarios reales-Crítica textual.
600 0 _98038
_aGarcilaso de la Vega Inca, 1539-1616-Lenguaje.
651 0 _98039
_aGarcilaso de la Vega Inca, 1539-1616-Lenguaje.
700 _98040
_aRodríguez Piñeiro, Juan, traductor.
710 _98041
_aCentro de Estudios Literarios Antonio Cornejo Polar (Lima)
942 _cBK
_e2025-09-02
_zAAOH
999 _c10971
_d10971